| 000 | 00532nam a22001817a 4500 | ||
|---|---|---|---|
| 005 | 20251108175400.0 | ||
| 008 | 250721s2014 xx 000 0 ara d | ||
| 082 | 1 | 4 | _aق/دوس |
| 100 | 1 |
_aدوستويفسكي، _eمؤلف |
|
| 245 | 1 | 0 | _aمذكرات قبو / |
| 264 | 1 |
_aبيروت : _bالمركز الثقافي العربي، _c2014. |
|
| 300 | _a207 ص. | ||
| 650 | 1 | 7 | _aالأدب المترجم |
| 650 | 1 | 7 | _aالروايات |
| 700 | 1 |
_aالويزي، احمد _eمترجم |
|
| 942 |
_2ddc _cBK |
||
| 999 |
_c132805 _d132805 |
||